The Walking Dead Season 8 Characters Quiz Stats

 Plays Quiz not verified by Sporcle

Score 0/78 Timer 14:00
0 Plays Today
Number of episodes Character % Correct
15Rick Grimes
100%
15Daryl Dixon
100%
11Negan
92.9%
11Morgan Jones
92.9%
11Carol Peletier
92.9%
11Michonne
92.9%
11Rosita Espinosa
92.9%
11Tara Chambler
92.9%
10Ezekiel
92.9%
10Maggie Rhee
92.9%
13Jerry
85.7%
10Dwight
85.7%
8Aaron
85.7%
8Gregory
85.7%
7Simon
85.7%
9Eugene Porter
78.6%
8Siddiq
78.6%
8Henry
78.6%
5Carl Grimes
78.6%
7Paul Rovia
71.4%
7Judith Grimes
64.3%
7Gabriel Stokes
64.3%
7Jadis
64.3%
3Eric Raleigh
64.3%
9Dianne
57.1%
8Alden
57.1%
5Laura
57.1%
7Tobin
50%
5Gavin
50%
4Cyndie
50%
3Rachel
50%
9Scott
42.9%
9Eduardo
42.9%
8Kal
42.9%
8Nabila
42.9%
4Arat
42.9%
3Frankie
42.9%
1Natania
42.9%
8Jared
35.7%
Number of episodes Character % Correct
6Regina
35.7%
4Daniel
35.7%
4Beatrice
35.7%
4Bruce
35.7%
6Barbara
28.6%
7Gary
28.6%
4Bertie
28.6%
2Morales
28.6%
7Gracie
28.6%
2Francine
28.6%
5Dean
21.4%
5D.J.
21.4%
4Brion
21.4%
4Tamiel
21.4%
3Harlan Carson
21.4%
3Kevin
21.4%
3Tanya
21.4%
8Kyle
21.4%
1Georgie
21.4%
2John
21.4%
5Neil
14.3%
4Alvaro
14.3%
4Bob Miller
14.3%
2Yago
14.3%
1Gunther
14.3%
2Andy
14.3%
2Derek
14.3%
6Oscar
7.1%
4Katy
7.1%
4Kathy
7.1%
4Norris
7.1%
3Potter
7.1%
3José
7.1%
3Brooke
7.1%
1Reilly
7.1%
2Freddie
7.1%
1Hilda
7.1%
1Midge
7.1%
2Gina
7.1%

You're not logged in!

Compare scores with friends on all Sporcle quizzes.
OR
Log In

Sporcle TV

Today on Sporcle TV


Watch our educational content, quiz creation guides, and fun videos on Sporcle TV.

Show Comments

Extras

Top Quizzes Today


Score Distribution

Your Account Isn't Verified!

In order to create a playlist on Sporcle, you need to verify the email address you used during registration. Go to your Sporcle Settings to finish the process.

Report this User

Report this user for behavior that violates our Community Guidelines.

Details: